[Event "IX Open A"]
[Site "Bergamo ITA"]
[Date "2010.07.16"]
[Round "2"]
[White "Campini, Marco"]
[Black "Regorda, Massimiliano"]
[WhiteElo "2070"]
[BlackElo "1897"]
[Result "1-0"]
[PlyCount "181"]
[EventDate "2010.07.16"]

1. e4 d5 2. exd5 Qxd5 3. Nc3 Qa5 4. g3 Nf6 5. Bg2 c6 6. Nge2 Bf5 7. O-O e6 8.
Nd4 Bg4 9. Qe1 Bb4 10. h3 Bh5 11. a3 Bxc3 12. bxc3 O-O 13. d3 Nbd7 14. Bd2 Rab8
15. c4 Qc7 16. Bc3 Rfe8 17. Qc1 e5 18. Nf5 Bg6 19. Ne3 Rbd8 20. a4 h5 21. Rb1
h4 22. g4 e4 23. d4 b6 24. Bd2 Nf8 25. c3 Ne6 26. Nf5 Bxf5 27. gxf5 Nf8 28. Bg5
N8h7 29. Bxh4 Qd7 30. Qf4 Nh5 31. Qg4 N7f6 32. Bxf6 Nxf6 33. Qf4 Qd6 34. Qxd6
Rxd6 35. a5 bxa5 36. Rfe1 Rd7 37. Ra1 Kh7 38. Rxa5 Kh6 39. Re5 Rde7 40. f4 Kh5
41. Kf2 Kh4 42. Re3 Kh5 43. Kg3 Kh6 44. Kf2 g5 45. fxg6 Kxg6 46. Rg3+ Kh6 47.
Ke3 Nh5 48. Rg4 Rxe5 49. dxe5 f5 50. exf6 Nxf6 51. Rg5 Re7 52. Rc5 Re6 53. Re5
Rd6 54. Bxe4 Nxe4 55. Kxe4 Kg6 56. Ra5 Rd7 57. Rc5 Rd6 58. Ke5 Rf6 59. Ke4 Re6+
60. Kf3 Rd6 61. Kg4 Kf6 62. h4 Ke7 63. Ra5 Rd7 64. h5 Kf6 65. Rg5 Rg7 66. h6
Re7 67. Rc5 Re6 68. Rg5 Re1 69. h7 Rh1 70. Rc5 Rg1+ 71. Kf3 Kg7 72. Rxc6 Kxh7
73. Ra6 Rg7 74. Ke4 Re7+ 75. Kd5 Rf7 76. Ke5 Re7+ 77. Kd6 Rf7 78. Ke6 Rxf4 79.
Rxa7+ Kg6 80. c5 Rc4 81. Kd6 Rxc3 82. Re7 Kf6 83. Re1 Rd3+ 84. Kc7 Rc3 85. c6
Rc4 86. Re3 Rc2 87. Re4 Rc3 88. Kd6 Rd3+ 89. Kc5 Rc3+ 90. Rc4 Rd3 91. c7 1-0

[Event "IX Open A"]
[Site "Bergamo ITA"]
[Date "2010.07.16"]
[Round "2"]
[White "Cardani, Roberto"]
[Black "Piantoni, Roberto"]
[WhiteElo "2022"]
[BlackElo "2134"]
[Result "0-1"]
[PlyCount "120"]
[EventDate "2010.07.16"]

1. e4 c6 2. d4 d5 3. Nc3 dxe4 4. Nxe4 Nf6 5. Nxf6+ gxf6 6. c3 Bf5 7. Nf3 Nd7 8.
g3 Bg7 9. Bg2 Nf8 10. O-O Qd7 11. Re1 Ng6 12. Be3 Bg4 13. Qd2 Qf5 14. Nh4 Nxh4
15. gxh4 e6 16. Bf4 Qh5 17. Qe3 O-O 18. Bd6 Rfe8 19. Qg3 Qg6 20. Kh1 Bh5 21. b4
a6 22. a4 Bh6 23. f4 Rad8 24. Bc5 Kh8 25. b5 axb5 26. axb5 Qf5 27. Be4 Qxf4 28.
Qxf4 Bxf4 29. bxc6 bxc6 30. Bxc6 Bd2 31. Rf1 Bxc3 32. Rac1 Bd2 33. Rc2 Be3 34.
Bxe8 Bg6 35. Rg2 Rxe8 36. Rxg6 hxg6 37. Rxf6 Kg8 38. Rf3 Bd2 39. Bd6 Bh6 40.
Rg3 Kh7 41. h5 g5 42. h4 gxh4 43. Rg4 Rg8 44. Rxh4 Rg5 45. Kh2 Bg7 46. Bc5 Rd5
47. Kg3 e5 48. h6 Bf6 49. Rh5 Bh8 50. Bf8 Rxd4 51. Bg7 f6 52. Bf8 Kg6 53. Rh1
Rd8 54. Be7 Rd7 55. Bc5 Rh7 56. Bf8 Kf7 57. Bc5 Bg7 58. Be3 Bf8 59. Kg4 Kg6 60.
Rh5 Bxh6 0-1

[Event "IX Open A"]
[Site "Bergamo ITA"]
[Date "2010.07.16"]
[Round "2"]
[White "Drazic, Sinisa"]
[Black "Gagliardi, Christian"]
[WhiteElo "2535"]
[BlackElo "2200"]
[Result "1-0"]
[PlyCount "47"]
[EventDate "2010.07.16"]

1. d4 Nf6 2. Bg5 e6 3. e4 Be7 4. Nd2 d5 5. Bxf6 Bxf6 6. c3 dxe4 7. Nxe4 Be7 8.
Nf3 Nd7 9. Qe2 O-O 10. g3 c5 11. Bg2 Qc7 12. O-O Rb8 13. Rfd1 b5 14. dxc5 Nxc5
15. Nxc5 Bxc5 16. Ne5 Rb6 17. a4 a6 18. a5 Rd6 19. b4 Rxd1+ 20. Rxd1 Bd6 21.
Nc6 Bb7 22. Qd3 Be5 23. Nxe5 Bxg2 24. Nd7 1-0

[Event "IX Open A"]
[Site "Bergamo ITA"]
[Date "2010.07.16"]
[Round "2"]
[White "Georgiev, Vladimir"]
[Black "Contin, Daniel"]
[WhiteElo "2586"]
[BlackElo "2307"]
[Result "1-0"]
[PlyCount "73"]
[EventDate "2010.07.16"]

1. d4 Nf6 2. c4 e6 3. Nc3 Bb4 4. e3 c5 5. Bd3 Nc6 6. Nge2 b6 7. O-O O-O 8. d5
Ne5 9. e4 Ba6 10. f4 Nxd3 11. Qxd3 Bxc3 12. Nxc3 exd5 13. exd5 d6 14. f5 Qe7
15. b3 Rfe8 16. Bf4 Nh5 17. Bd2 Qe5 18. Rae1 Qd4+ 19. Qxd4 cxd4 20. Ne4 b5 21.
Nxd6 Rxe1 22. Rxe1 bxc4 23. bxc4 Nf6 24. Bg5 Nd7 25. Rd1 f6 26. Bf4 Rb8 27.
Rxd4 Rb1+ 28. Kf2 Rb2+ 29. Kg3 g5 30. fxg6 hxg6 31. Re4 g5 32. Re8+ Nf8 33. Be3
Rxa2 34. Bc5 Kg7 35. Re7+ Kg8 36. Rxa7 Ng6 37. Ne4 1-0

[Event "IX Open A"]
[Site "Bergamo ITA"]
[Date "2010.07.16"]
[Round "2"]
[White "Godena, Michele"]
[Black "Giretti Kanev, Jasen"]
[WhiteElo "2548"]
[BlackElo "2208"]
[Result "1-0"]
[PlyCount "39"]
[EventDate "2010.07.16"]

1. e4 e6 2. d4 d5 3. Nd2 dxe4 4. Nxe4 Nf6 5. Nxf6+ gxf6 6. Be3 b6 7. Qf3 c6 8.
Bc4 Be7 9. Ne2 Qd6 10. a3 Ba6 11. Bb3 Bxe2 12. Kxe2 Na6 13. c4 f5 14. Ba4 Rc8
15. d5 O-O 16. Bf4 Qc5 17. Qg3+ Kh8 18. Qc3+ Kg8 19. b4 Bf6 20. Qg3+ 1-0

[Event "IX Open A"]
[Site "Bergamo ITA"]
[Date "2010.07.16"]
[Round "2"]
[White "Gonella, Daniele"]
[Black "Finocchiaro, Gianluca"]
[WhiteElo "1982"]
[BlackElo "2104"]
[Result "1/2-1/2"]
[PlyCount "24"]
[EventDate "2010.07.16"]

1. e4 d5 2. exd5 Qxd5 3. Nc3 Qa5 4. d4 Nf6 5. Nf3 c6 6. Bc4 Bf5 7. O-O e6 8.
Re1 Be7 9. Bd2 Qc7 10. Bb3 Nbd7 11. Qe2 O-O 12. h3 Nd5 1/2-1/2

[Event "IX Open A"]
[Site "Bergamo ITA"]
[Date "2010.06.16"]
[Round "2"]
[White "Guzzetti, Luigi Enrico"]
[Black "Astengo, Marcello"]
[WhiteElo "1907"]
[BlackElo "2071"]
[Result "0-1"]
[PlyCount "108"]
[EventDate "2010.07.16"]

1. e4 e6 2. d4 d5 3. e5 c5 4. c3 Nc6 5. Nf3 Bd7 6. Be2 Nge7 7. Na3 cxd4 8. cxd4
Nf5 9. Nc2 Nh4 10. Nxh4 Qxh4 11. g3 Qd8 12. O-O Rc8 13. a3 Be7 14. Bd2 O-O 15.
Bd3 Qb6 16. Bc3 a6 17. Qd2 f6 18. exf6 Bxf6 19. Rae1 Kh8 20. Be2 e5 21. dxe5
Bxe5 22. Bxe5 Nxe5 23. Ne3 d4 24. Nd5 Qd6 25. Nf4 Bb5 26. Kg2 d3 27. Bd1 Nc4
28. Qxd3 Qxd3 29. Nxd3 Nd2 30. Re3 Nxf1 31. Kxf1 Rce8 32. Ke2 Rxe3+ 33. fxe3
Bxd3+ 34. Kxd3 Rf2 35. Be2 Rxh2 36. b3 Rf2 37. a4 a5 38. e4 Rg2 39. g4 Kg8 40.
Ke3 Kf8 41. Kf3 Rh2 42. Bc4 Ke7 43. Kf4 Rf2+ 44. Kg3 Rd2 45. Kf4 Rd8 46. Ke5 b6
47. Kf5 Kd6 48. e5+ Ke7 49. Ke4 Rd1 50. Bg8 h6 51. Bc4 g6 52. Bg8 h5 53. gxh5
gxh5 54. Kf5 h4 0-1

[Event "IX Open A"]
[Site "Bergamo ITA"]
[Date "2010.07.16"]
[Round "2"]
[White "Lapiccirella, Daniele"]
[Black "Rusev, Krasimir"]
[WhiteElo "2212"]
[BlackElo "2543"]
[Result "1/2-1/2"]
[PlyCount "85"]
[EventDate "2010.07.16"]

1. d4 Nf6 2. c4 e6 3. Nc3 Bb4 4. Bd2 d5 5. e3 O-O 6. Nf3 Re8 7. Be2 Nbd7 8. O-O
c6 9. Nxd5 Bd6 10. Nxf6+ Qxf6 11. Bc3 Qe7 12. Qc2 b6 13. Rfd1 Bb7 14. a3 a5 15.
Bd3 g6 16. Rac1 a4 17. e4 e5 18. c5 bxc5 19. dxe5 Bc7 20. Bc4 Bc8 21. Ba2 Nxe5
22. Nxe5 Bxe5 23. Bxe5 Qxe5 24. Qxc5 Qxe4 25. Qxc6 Qxc6 26. Rxc6 Rb8 27. Rc7
Be6 28. Bxe6 Rxe6 29. Rc2 h5 30. h4 Rb7 31. g3 Kg7 32. Kf1 Kf6 33. Rd4 Reb6 34.
Rxa4 Rxb2 35. Rxb2 Rxb2 36. Rb4 Ra2 37. a4 Ke6 38. Kg2 Ra3 39. g4 hxg4 40. Rxg4
Kf5 41. Rb4 Ke5 42. f3 Ra1 43. Rc4 1/2-1/2

[Event "IX Open A"]
[Site "Bergamo ITA"]
[Date "2010.07.16"]
[Round "2"]
[White "Lindh, Fredrik"]
[Black "Vezzosi, Paolo"]
[WhiteElo "2168"]
[BlackElo "2362"]
[Result "1-0"]
[PlyCount "63"]
[EventDate "2010.07.16"]

1. e4 c6 2. d4 d5 3. e5 Bf5 4. Be3 Qb6 5. Qc1 e6 6. c4 Bxb1 7. Rxb1 dxc4 8.
Bxc4 Bb4+ 9. Bd2 Ne7 10. Nf3 Nd7 11. O-O Bxd2 12. Qxd2 Rd8 13. b4 Qc7 14. Qg5
g6 15. Bd3 h6 16. Qg3 Nb6 17. Rfc1 a6 18. h4 Nbd5 19. a4 O-O 20. b5 axb5 21.
axb5 Ra8 22. h5 Kg7 23. Rb3 Ra4 24. bxc6 bxc6 25. Rcb1 Ra7 26. Qg4 Nf5 27. Qe4
Rh8 28. hxg6 fxg6 29. g4 Nfe7 30. Nh4 h5 31. Nxg6 Rh6 32. Nf4 1-0

[Event "IX Open A"]
[Site "Bergamo ITA"]
[Date "2010.07.16"]
[Round "2"]
[White "Quagliarella, Sabino Remo"]
[Black "Seyfried, Claus"]
[WhiteElo "1946"]
[BlackElo "2087"]
[Result "0-1"]
[PlyCount "86"]
[EventDate "2010.07.16"]

1. d4 d5 2. c4 e6 3. Nc3 c6 4. Nf3 dxc4 5. a4 Bb4 6. e4 Nf6 7. Qc2 Qa5 8. Nd2
b5 9. Be2 a6 10. O-O Bb7 11. Ra2 Qb6 12. Nf3 Nbd7 13. e5 Nd5 14. Ne4 Be7 15.
Bd2 O-O 16. h4 Rfd8 17. Neg5 Nf8 18. h5 h6 19. Nh3 c5 20. dxc5 Bxc5 21. b3 c3
22. Bxc3 Rdc8 23. axb5 Nxc3 24. Raa1 Nxe2+ 25. Qxe2 Qxb5 26. Qd2 Qxb3 27. Rab1
Qd5 28. Qb2 Bc6 29. Rbd1 Qe4 30. Rfe1 Qf5 31. Qc3 Qxh5 32. Qxc5 Bxf3 33. Qd4
Bxd1 34. Nf4 Qg4 35. Qe3 Ba4 36. f3 Qg5 37. Qd4 Bc6 38. Kf2 Qh4+ 39. g3 Qh2+
40. Ng2 Bb5 41. Qe4 Rd8 42. Rc1 Rd2+ 43. Ke3 Re2+ 0-1

[Event "IX Open A"]
[Site "Bergamo ITA"]
[Date "2010.07.16"]
[Round "2"]
[White "Ranfagni, Stefano"]
[Black "Leoni, Livio"]
[WhiteElo "2013"]
[BlackElo "2015"]
[Result "1/2-1/2"]
[PlyCount "44"]
[EventDate "2010.07.16"]

1. e4 c5 2. Nc3 Nc6 3. g3 g6 4. Bg2 Bg7 5. d3 e6 6. Be3 d6 7. Qd2 h6 8. Nge2
Nge7 9. O-O Nd4 10. Nd1 Rb8 11. c3 Nxe2+ 12. Qxe2 O-O 13. f4 b6 14. Nf2 Bb7 15.
g4 f5 16. Rae1 Re8 17. Bc1 Qd7 18. exf5 Bxg2 19. Kxg2 gxf5 20. Qxe6+ Qxe6 21.
Rxe6 Rbd8 22. Rfe1 Kf7 1/2-1/2

[Event "IX Open A"]
[Site "Bergamo ITA"]
[Date "2010.07.16"]
[Round "2"]
[White "Srivachirawat, Kannapon"]
[Black "Cani, Gazmir"]
[WhiteElo "2245"]
[BlackElo "2060"]
[Result "1-0"]
[PlyCount "129"]
[EventDate "2010.07.16"]

1. d4 Nf6 2. Nf3 g6 3. Bg5 Bg7 4. Nbd2 d5 5. e3 O-O 6. Bd3 Nbd7 7. c3 Re8 8.
O-O c5 9. Re1 Qb6 10. Qb3 e5 11. Bxf6 Qxb3 12. axb3 Bxf6 13. dxe5 Nxe5 14. Nxe5
Bxe5 15. e4 Bf4 16. Nf1 Be6 17. g3 Bh6 18. f4 dxe4 19. Bxe4 Bxb3 20. Bxb7 Rxe1
21. Rxe1 Rb8 22. Bc6 Be6 23. Re2 Rb6 24. Be4 a5 25. Ne3 Rd6 26. Kf2 Bg7 27. f5
Bb3 28. g4 Bh6 29. h4 Bxe3+ 30. Kxe3 Bd1 31. Rg2 Kg7 32. g5 gxf5 33. Bxf5 Bh5
34. Rd2 Rb6 35. Kd3 Rd6+ 36. Kc2 Rc6 37. Rd5 Bg6 38. Kb3 Bxf5 39. Rxf5 Kg6 40.
Rf4 Rb6+ 41. Kc4 Rxb2 42. Kxc5 Rb8 43. Rf6+ Kg7 44. Ra6 Rc8+ 45. Kd4 Rd8+ 46.
Kc4 Rc8+ 47. Kb3 Rb8+ 48. Kc2 Rb5 49. Kd3 Kf8 50. Ra7 Rf5 51. Ke4 Rc5 52. Kd4
Rf5 53. c4 Rf4+ 54. Kd5 Rxh4 55. c5 Ke8 56. Rxa5 Rg4 57. Kd6 Rd4+ 58. Ke5 Rd1
59. c6 Re1+ 60. Kd6 Rd1+ 61. Kc7 Re1 62. Kc8 Re2 63. c7 Re1 64. Rb5 Rc1 65.
Re5+ 1-0

[Event "IX Open A"]
[Site "Bergamo ITA"]
[Date "2010.07.16"]
[Round "2"]
[White "Stips, Felix"]
[Black "Salvador, Roland"]
[WhiteElo "2206"]
[BlackElo "2498"]
[Result "0-1"]
[PlyCount "58"]
[EventDate "2010.07.16"]

1. Nf3 Nf6 2. c4 e6 3. Nc3 Bb4 4. Qc2 O-O 5. a3 Be7 6. d4 d5 7. e3 b6 8. Bd3
dxc4 9. Bxc4 Bb7 10. Qe2 c5 11. dxc5 bxc5 12. O-O Nc6 13. Rd1 Qc7 14. Bd2 a6
15. Be1 Ng4 16. h3 Nge5 17. Nxe5 Nxe5 18. Rac1 Nxc4 19. Qxc4 Rfd8 20. b4 Qc6
21. f3 cxb4 22. Qxc6 Bxc6 23. Rxd8+ Rxd8 24. axb4 Bxb4 25. Nd5 Bxe1 26. Ne7+
Kf8 27. Nxc6 Bd2 28. Ra1 Bxe3+ 29. Kf1 Ra8 0-1

[Event "IX Open A"]
[Site "Bergamo ITA"]
[Date "2010.07.16"]
[Round "2"]
[White "Tesic, Dragan"]
[Black "Curtacci, Sergio"]
[WhiteElo "2369"]
[BlackElo "1999"]
[Result "1-0"]
[PlyCount "93"]
[EventDate "2010.07.16"]

1. d4 d6 2. e4 g6 3. Nc3 Bg7 4. Nf3 e6 5. Bg5 Ne7 6. Qd2 h6 7. Be3 a6 8. a4 b6
9. h4 Bb7 10. h5 g5 11. d5 e5 12. g4 Ng8 13. Ng1 Nf6 14. f3 Nbd7 15. Nge2 Nf8
16. Ng3 Bc8 17. a5 b5 18. Na2 N8h7 19. Nb4 O-O 20. c4 bxc4 21. Bxc4 Bb7 22. O-O
Re8 23. Rfc1 Qd7 24. Be2 Bf8 25. Ra3 Rec8 26. Nc6 Ne8 27. Rb3 Bxc6 28. Rxc6
Nhf6 29. Nf5 Nh7 30. Kg2 Qd8 31. Bxa6 Rcb8 32. Rxb8 Qxb8 33. b4 Nhf6 34. Be2
Nd7 35. Qc3 Qd8 36. Bb5 Nb8 37. Rc4 Na6 38. Bxa6 Rxa6 39. b5 Ra8 40. a6 Qb8 41.
Qa5 Qc8 42. Bb6 Qb8 43. Bxc7 Nxc7 44. Rxc7 Rxa6 45. bxa6 Qb2+ 46. Kh3 Qf2 47.
Ng3 1-0

[Event "IX Open A"]
[Site "Bergamo ITA"]
[Date "2010.07.16"]
[Round "2"]
[White "Tramalloni, Luca"]
[Black "Orsi, Matteo"]
[WhiteElo "2113"]
[BlackElo "1980"]
[Result "1-0"]
[PlyCount "103"]
[EventDate "2010.07.16"]

1. d4 c6 2. c4 d5 3. Nf3 Nf6 4. e3 a6 5. Nbd2 b5 6. b3 Bg4 7. Qc2 Nbd7 8. Be2
e6 9. O-O Bd6 10. e4 e5 11. Re1 O-O 12. Bb2 exd4 13. Bxd4 c5 14. Bb2 d4 15.
cxb5 axb5 16. Bxb5 Qb8 17. Bf1 Bh5 18. g3 Bg6 19. Bd3 Ng4 20. Nc4 Bc7 21. Qd1
Bh5 22. Qc2 Bg6 23. Kg2 Re8 24. h3 Ngf6 25. Nh4 Nh5 26. Nxg6 hxg6 27. Bf1 Ndf6
28. Qd3 Qb7 29. Nd2 Re7 30. Qf3 Rae8 31. Bd3 Nd7 32. Nc4 Ne5 33. Nxe5 Rxe5 34.
Re2 Rg5 35. Bc1 Rge5 36. Bd2 Nf6 37. Rae1 Qc8 38. Bc4 Qa8 39. Bf4 Qb8 40. Qd3
Nh5 41. Bxe5 Bxe5 42. Rf1 g5 43. Qf3 Nf6 44. Qf5 Qa8 45. Rfe1 Qd8 46. Qxg5 Bc7
47. Qf5 Ba5 48. Rd1 Qc7 49. e5 Nh7 50. e6 fxe6 51. Rxe6 Rxe6 52. Qxe6+ 1-0

[Event "IX Open A"]
[Site "Bergamo ITA"]
[Date "2010.07.16"]
[Round "2"]
[White "Vuelban, Virgilio"]
[Black "Sumets, Andrey"]
[WhiteElo "2358"]
[BlackElo "2618"]
[Result "1/2-1/2"]
[PlyCount "137"]
[EventDate "2010.07.16"]

1. e4 e6 2. d4 d5 3. Nc3 Nf6 4. e5 Nfd7 5. f4 c5 6. Nf3 Nc6 7. Be3 cxd4 8. Nxd4
Bc5 9. Qd2 O-O 10. O-O-O a6 11. Kb1 Nxd4 12. Bxd4 b5 13. h4 b4 14. Na4 Bxd4 15.
Qxd4 a5 16. Bb5 Rb8 17. Bd3 Qc7 18. h5 Qc6 19. b3 Ba6 20. h6 g6 21. f5 Bb5 22.
fxg6 hxg6 23. Bxb5 Rxb5 24. Qf2 Qc7 25. Rhe1 Rb7 26. Rd3 Qd8 27. Qf4 Qe7 28.
Rf3 Rc7 29. Ref1 Nb8 30. Nb2 Nc6 31. Nd3 Na7 32. h7+ Kg7 33. Rh3 Kh8 34. Qh6
Rc3 35. Nf4 Re8 36. Rfh1 Nc6 37. Nd3 Qf8 38. Qf4 Qg7 39. Rf1 Re7 40. Rhf3 Nd8
41. Qg5 Nc6 42. g4 Rc7 43. Rf6 Kxh7 44. Qf4 Kg8 45. g5 Na7 46. Qg4 Nb5 47. Rxe6
Na3+ 48. Ka1 Qf8 49. Rxg6+ fxg6 50. Rxf8+ Kxf8 51. Qh3 Nxc2+ 52. Kb2 Na3 53.
Qh8+ Ke7 54. Qf6+ Kd7 55. Qd6+ Ke8 56. Qxg6+ Kf8 57. Qd6+ Kg7 58. Qf6+ Kg8 59.
Qg6+ Kf8 60. Qd6+ Kg7 61. Qh6+ Kg8 62. Qg6+ Kf8 63. e6 Rc2+ 64. Ka1 Rh2 65.
Qf6+ Ke8 66. Qg6+ Kf8 67. Qf6+ Ke8 68. Qg6+ Kf8 69. Qf6+ 1/2-1/2

[Event "IX Open A"]
[Site "Bergamo ITA"]
[Date "2010.07.17"]
[Round "3"]
[White "Astengo, Marcello"]
[Black "Bernardi, Ruben"]
[WhiteElo "2071"]
[BlackElo "2212"]
[Result "0-1"]
[PlyCount "60"]
[EventDate "2010.07.16"]

1. d4 d5 2. c4 c6 3. Nc3 Nf6 4. Bg5 dxc4 5. e4 b5 6. f3 h6 7. Bh4 g5 8. Bf2 e6
9. Nge2 a6 10. Ng3 Bb7 11. Be2 Nbd7 12. O-O Qc7 13. Qc2 Be7 14. Rad1 h5 15.
Rfe1 h4 16. Nf1 Nh5 17. d5 cxd5 18. exd5 Nf4 19. Ne3 O-O-O 20. a4 b4 21. dxe6
Ne5 22. Ne4 b3 23. Rxd8+ Rxd8 24. Qc3 Nxe2+ 25. Rxe2 Rd3 26. Qe1 fxe6 27. Nd1
h3 28. Nxg5 Bxg5 29. Rxe5 Rxd1 30. Qxd1 Qxe5 0-1

[Event "IX Open A"]
[Site "Bergamo ITA"]
[Date "2010.07.17"]
[Round "3"]
[White "Giretti Kanev, Jasen"]
[Black "Campini, Marco"]
[WhiteElo "2208"]
[BlackElo "2070"]
[Result "0-1"]
[PlyCount "92"]
[EventDate "2010.07.16"]

1. Nf3 c5 2. c4 Nc6 3. g3 g6 4. Bg2 Bg7 5. Nc3 d6 6. O-O Nf6 7. d4 cxd4 8. Nxd4
Bd7 9. b3 O-O 10. Bb2 a6 11. Qd2 Nxd4 12. Qxd4 Ng4 13. Qf4 Qa5 14. Qd2 Qh5 15.
h3 Ne5 16. Nd5 Rae8 17. f4 Qh6 18. Ne3 Nc6 19. Ng4 Qh5 20. Bxg7 Kxg7 21. Qc3+
f6 22. Bf3 Qc5+ 23. Kg2 Nd4 24. Bxb7 Nxe2 25. Qe3 Nd4 26. Rad1 Bc6+ 27. Bxc6
Qxc6+ 28. Kh2 Nf5 29. Qe6 Qb6 30. Rd3 Rf7 31. Rfd1 a5 32. Ne3 Nxe3 33. Rxe3 Rc8
34. Rde1 Rc7 35. h4 a4 36. h5 gxh5 37. g4 h4 38. g5 Qd4 39. Rg1 Qxf4+ 40. Kh3
fxg5 41. Re4 Qf3+ 42. Kh2 h6 43. Reg4 Rf6 44. Qd5 Qxd5 45. cxd5 axb3 46. axb3
Rc2+ 0-1

[Event "IX Open A"]
[Site "Bergamo ITA"]
[Date "2010.07.17"]
[Round "3"]
[White "Cani, Gazmir"]
[Black "Quagliarella, Sabino Remo"]
[WhiteElo "2060"]
[BlackElo "1946"]
[Result "1-0"]
[PlyCount "67"]
[EventDate "2010.07.16"]

1. d4 d5 2. c4 e6 3. Nf3 Nf6 4. g3 Nbd7 5. Bg2 Be7 6. Qc2 O-O 7. O-O c6 8. Nbd2
Re8 9. Rd1 Nf8 10. e4 dxe4 11. Nxe4 Nxe4 12. Qxe4 Ng6 13. Be3 Bd7 14. h4 h6 15.
h5 Nf8 16. Ne5 Bf6 17. Rd2 Qe7 18. Rad1 Rad8 19. f4 Bc8 20. c5 Qc7 21. Nc4 Be7
22. Ne5 Nd7 23. Nxd7 Qxd7 24. g4 f5 25. Qf3 fxg4 26. Qxg4 Bf6 27. Be4 e5 28.
Qxd7 Bxd7 29. dxe5 Bc8 30. Bg6 Bg4 31. exf6 Bxd1 32. f7+ Kf8 33. fxe8=Q+ Rxe8
34. Bxe8 1-0

[Event "IX Open A"]
[Site "Bergamo ITA"]
[Date "2010.07.17"]
[Round "3"]
[White "Contin, Daniel"]
[Black "Tramalloni, Luca"]
[WhiteElo "2307"]
[BlackElo "2113"]
[Result "1-0"]
[PlyCount "43"]
[EventDate "2010.07.16"]

1. d4 Nf6 2. Nf3 g6 3. c4 Bg7 4. g3 O-O 5. Bg2 d5 6. cxd5 Nxd5 7. O-O Nc6 8. e4
Nb6 9. d5 Na5 10. Qe1 Nac4 11. Nc3 e6 12. b3 exd5 13. bxc4 dxe4 14. Ng5 f5 15.
Bf4 h6 16. Rd1 Qf6 17. Ngxe4 fxe4 18. Nxe4 Qe7 19. c5 Nd7 20. Bxc7 Be5 21. Bd6
Bxd6 22. cxd6 1-0

[Event "IX Open A"]
[Site "Bergamo ITA"]
[Date "2010.07.17"]
[Round "3"]
[White "Curtacci, Sergio"]
[Black "Bolico, Exfelicos"]
[WhiteElo "1999"]
[BlackElo "2174"]
[Result "1-0"]
[PlyCount "59"]
[EventDate "2010.07.16"]

1. d4 Nf6 2. Nf3 g6 3. Nbd2 Bg7 4. e4 d6 5. Bd3 O-O 6. c3 Nc6 7. O-O e5 8. dxe5
Nxe5 9. Nxe5 dxe5 10. Qc2 c6 11. b4 Nh5 12. Re1 Be6 13. Nc4 Qc7 14. a4 Rad8 15.
Be3 b6 16. Bf1 h6 17. Rad1 f5 18. f3 Nf6 19. exf5 gxf5 20. Bf2 Rxd1 21. Qxd1
Nd5 22. Qc2 Kh8 23. Nxe5 Bxe5 24. Rxe5 Qxe5 25. Bd4 Qxd4+ 26. cxd4 Bd7 27. b5
Rc8 28. Qd2 Kg7 29. Bc4 Be6 30. Qe1 1-0

[Event "IX Open A"]
[Site "Bergamo ITA"]
[Date "2010.07.17"]
[Round "3"]
[White "De Palma, Fabrizio"]
[Black "Angelini, Marco"]
[WhiteElo "2069"]
[BlackElo "2103"]
[Result "0-1"]
[PlyCount "50"]
[EventDate "2010.07.16"]

1. d4 d5 2. c4 e6 3. Nc3 c6 4. cxd5 exd5 5. Nf3 Be7 6. Bf4 Nf6 7. Qc2 Nbd7 8.
e3 Nf8 9. O-O-O Bg4 10. Bd3 Bh5 11. h3 Ne6 12. g4 Bg6 13. Bxg6 fxg6 14. Bg3 O-O
15. Ne5 Nd7 16. f4 Nxe5 17. dxe5 b5 18. f5 Qb6 19. Rde1 Ng5 20. Rhf1 b4 21. Na4
Qb5 22. Bh4 Rae8 23. Bxg5 Bxg5 24. e6 Rxe6 25. fxe6 Rxf1 0-1

[Event "IX Open A"]
[Site "Bergamo ITA"]
[Date "2010.07.17"]
[Round "3"]
[White "Finocchiaro, Gianluca"]
[Black "Attuati, Stefano"]
[WhiteElo "2104"]
[BlackElo "1900"]
[Result "1-0"]
[PlyCount "73"]
[EventDate "2010.07.16"]

1. e4 e6 2. d4 d5 3. c4 dxe4 4. Nc3 Nf6 5. f3 c5 6. d5 exd5 7. cxd5 exf3 8.
Nxf3 Bd6 9. Bd3 Qe7+ 10. Be2 O-O 11. O-O a6 12. Bg5 h6 13. Bh4 g5 14. Nxg5 hxg5
15. Bxg5 Nbd7 16. Qd2 Qe5 17. Bf4 Qd4+ 18. Qxd4 cxd4 19. Bxd6 Re8 20. Rf3 dxc3
21. Rg3+ Kh8 22. Rh3+ Kg7 23. Rg3+ Kh8 24. Rh3+ Nh7 25. Bd3 Ndf6 26. Rh4 cxb2
27. Rb1 Re3 28. Bc2 Re2 29. Rxb2 Bf5 30. Bxf5 Rxb2 31. Be5 Rb6 32. Bxh7 Kg7 33.
Bf5 Re8 34. Bd4 Rd6 35. g4 Kg8 36. g5 Rxd5 37. Bxf6 1-0

[Event "IX Open A"]
[Site "Bergamo ITA"]
[Date "2010.07.17"]
[Round "3"]
[White "Gagliardi, Christian"]
[Black "Ranfagni, Stefano"]
[WhiteElo "2200"]
[BlackElo "2013"]
[Result "1-0"]
[PlyCount "79"]
[EventDate "2010.07.16"]

1. e4 e6 2. d4 d5 3. Nc3 dxe4 4. Nxe4 Nd7 5. Bd3 Ngf6 6. Qe2 Nxe4 7. Bxe4 Nf6
8. Bxb7 Rb8 9. Bc6+ Bd7 10. Bxd7+ Qxd7 11. Nf3 c5 12. dxc5 Bxc5 13. O-O O-O 14.
b3 Rfd8 15. Bg5 Be7 16. Bxf6 Bxf6 17. Rad1 Qc6 18. Rxd8+ Rxd8 19. Rd1 Qc3 20.
Rxd8+ Bxd8 21. Qd1 Bb6 22. a4 h6 23. g3 g5 24. Qe2 Qa1+ 25. Kg2 Qc3 26. Ne5 Bd4
27. Nc4 e5 28. Qe4 h5 29. Qf5 g4 30. h3 gxh3+ 31. Kxh3 Qe1 32. Kg2 Qe2 33. Nd6
e4 34. Qxf7+ Kh8 35. Qf8+ Kh7 36. Qf5+ Kh8 37. Nxe4 Qxc2 38. Qxh5+ Kg7 39. Qg5+
Kf7 40. Qd5+ 1-0

[Event "IX Open A"]
[Site "Bergamo ITA"]
[Date "2010.07.17"]
[Round "3"]
[White "Guanciale, Orazio"]
[Black "Vuelban, Virgilio"]
[WhiteElo "2171"]
[BlackElo "2358"]
[Result "0-1"]
[PlyCount "123"]
[EventDate "2010.07.16"]

1. e4 Nf6 2. e5 Nd5 3. d4 d6 4. c4 Nb6 5. exd6 exd6 6. Nc3 Be7 7. Bd3 Nc6 8.
Nge2 O-O 9. O-O Nb4 10. Bb1 Re8 11. h3 c6 12. a3 Na6 13. Bd3 Nc7 14. Qc2 h6 15.
b3 Ne6 16. Bb2 d5 17. c5 Nd7 18. Nd1 Nf6 19. Ne3 Ng5 20. Ng3 Bf8 21. Rae1 Qc7
22. Bc1 g6 23. f4 Nge4 24. Nxe4 Nxe4 25. f5 Bg7 26. Bb2 Bd7 27. Rf3 Ng5 28.
Rff1 Qg3 29. Qd2 Nxh3+ 30. Kh1 Nf4 31. Bc2 Qh4+ 32. Kg1 Qg5 33. Rf3 Re7 34. Qf2
Nh5 35. Rd1 Re4 36. Bxe4 dxe4 37. Rh3 Nf4 38. Kh2 Nxh3 39. gxh3 Re8 40. fxg6
fxg6 41. Rg1 Qh5 42. Rg3 Rf8 43. Qd2 g5 44. d5 Rf3 45. Bxg7 Kxg7 46. d6 Qf7 47.
Rxf3 exf3 48. Qb2+ Kg6 49. Qe5 h5 50. Qe4+ Kh6 51. Kg3 h4+ 52. Kh2 Be6 53. b4
f2 54. Nf1 Bc4 55. d7 Bd5 56. Qd4 Qxd7 57. Qxf2 Qc7+ 58. Kg1 Qf4 59. Ne3 Be6
60. Qxf4 gxf4 61. Ng2 Kg5 62. Kh2 0-1

[Event "IX Open A"]
[Site "Bergamo ITA"]
[Date "2010.07.17"]
[Round "3"]
[White "Kimbin, Richard Conrod"]
[Black "Gonella, Daniele"]
[WhiteElo "1918"]
[BlackElo "1982"]
[Result "0-1"]
[PlyCount "148"]
[EventDate "2010.07.16"]

1. Nf3 Nf6 2. g3 g6 3. Bg2 Bg7 4. c4 c5 5. Nc3 Nc6 6. d4 cxd4 7. Nxd4 O-O 8.
Nc2 d6 9. b3 Qa5 10. Bb2 Bf5 11. O-O Ne4 12. Na4 Bxb2 13. Nxb2 Nc3 14. Qd2 Qe5
15. e3 Ne2+ 16. Qxe2 Qxb2 17. Nd4 Qxe2 18. Nxe2 Bd3 19. Rfe1 Nb4 20. Nf4 Bf5
21. e4 Bd7 22. Re2 Nc6 23. Nd5 Rfd8 24. Rd1 Kf8 25. h3 Rab8 26. f4 h5 27. e5
dxe5 28. fxe5 Bf5 29. Rdd2 Kg7 30. Rd1 Rd7 31. Nc3 Rxd1+ 32. Nxd1 Rd8 33. Ne3
Be6 34. Bxc6 bxc6 35. Kg2 Rd4 36. Nc2 Rd1 37. Nb4 Bd7 38. Na6 Bf5 39. Nc5 g5
40. a4 Bd3 41. Rf2 a5 42. Kf3 Bg6 43. Re2 Bf5 44. Kg2 Bc8 45. h4 gxh4 46. gxh4
Kg6 47. Re3 Rd2+ 48. Kg3 Rd4 49. Ne4 Kf5 50. Kf3 Kxe5 51. Ng3+ Kd6 52. Ne4+ Ke5
53. Ng5+ Kf6 54. Re4 Bg4+ 55. Ke3 Rd1 56. Rf4+ Bf5 57. Nxf7 e5 58. Rf2 Rd3+ 59.
Ke2 Rxb3 60. Nd6 Rb2+ 61. Ke3 Rxf2 62. Kxf2 Bc2 63. Nb7 Bxa4 64. Nxa5 Kf5 65.
Ke3 Kg4 66. Ke4 Kxh4 67. Kxe5 Kg5 68. Ke4 Kg4 69. c5 h4 70. Nc4 h3 71. Ne3+ Kg3
72. Nf5+ Kf2 73. Kf4 h2 74. Ng3 Kg2 0-1

[Event "IX Open A"]
[Site "Bergamo ITA"]
[Date "2010.07.17"]
[Round "3"]
[White "Leoni, Livio"]
[Black "Stips, Felix"]
[WhiteElo "2015"]
[BlackElo "2206"]
[Result "1/2-1/2"]
[PlyCount "56"]
[EventDate "2010.07.16"]

1. e4 d5 2. exd5 Qxd5 3. Nc3 Qd6 4. d4 Nf6 5. Nf3 c6 6. g3 Bg4 7. Bg2 e6 8. O-O
Be7 9. h3 Bh5 10. Bf4 Qd8 11. g4 Bg6 12. Ne5 Nbd7 13. Nxg6 hxg6 14. Qd3 Nb6 15.
Ne2 Bd6 16. Rfe1 O-O 17. Bg5 Qc7 18. c4 Rfd8 19. Qc2 Be7 20. Bf4 Qc8 21. Qb3
Rd7 22. a4 Rd8 23. a5 Nbd7 24. Qa4 a6 25. b4 Nb8 26. Rec1 Qd7 27. Rd1 Bd6 28.
Bg5 Be7 1/2-1/2